Ereignisse vom 24. Januar - Statistiken

Allgemein
  • Dieses Quiz wurde 17 mal gespielt
  • Das Durchschnittsergebnis liegt bei 3 aus 10
Antwortstatistiken
Jahr Ereignis Antwort % Korrekt
1950 Die SED beschließt die Einführung dieses Geheimdienstes Ministerium für Staatssicherheit
82%
2006 Disney gibt bekannt, dass sie dieses Animationsstudio für 7,4 Milliarden Dollar erwerben werden Pixar
65%
2011 Ein aus dieser autonomen Republik stammender Selbstmordattentäter tötet am Flughafen Moskau-Domodedowo 36 Menschen Tschetschenien
41%
1984 Apple veröffentlicht den ersten Computer dieser Reihe Macintosh
29%
1962 Die Volkskammer der DDR beschließt diese Verpflichtung für ihre Bevölkerung Allgemeine Wehrpflicht
24%
1916 Das deutsche Kaiserreich unterschreibt einen Freundschaftsvertrag mit diesem südmittelasiatischem Staat Afghanistan
12%
1913 Der Schweizer Oskar Bider überfliegt als erster Mensch dieses Gebirge Pyrenäen
6%
1986 Diese Raumsonde passiert den Uranus Voyager 2
6%
1848 James W. Marshall entdeckt ein Goldnugget in Sutter's Mill, was dieses Event auslöst Kalifornischer Goldrausch
0%
2004 Florian Gerster, Chef der deutschen Bundesagentur für Arbeit, wird aus diesem Grund entlassen Vorwurf der Bestechlichkeit
0%
Keine übereinstimmenden Quizze gefunden
Verteilung der Resultate
Anzahl Personen mit jedem Resultat
Perzentil nach korrekt beantworteten Fragen
Ihre Resultats-Entwicklung
Sie haben dieses Quiz noch nicht gespielt